Cambridge complete first certificate Workbook audio /
Uložené v:
| Hlavní autori: | , |
|---|---|
| Médium: | Elektronický zdroj |
| Jazyk: | English |
| Vydané: |
Cambridge :
Cambridge University Press,
2008.
|
| ISBN: |
9780521698320 9780521698313 |
| Fyzický popis: |
1 audio CD (77:46) ; 12 cm. |
| Tagy: |
Pridať tag
Žiadne tagy, Buďte prvý kto otaguje tento záznam!
|
Titul je dostupný aj v ... 

MARC
| LEADER | 00000nmm a2200000 a 4500 | ||
|---|---|---|---|
| 001 | 000387607 | ||
| 003 | SVKKK | ||
| 005 | 20120627101236.0 | ||
| 008 | 120627s2008 xxk eng#d | ||
| 020 | |a 9780521698320 | ||
| 020 | |a 9780521698313 | ||
| 040 | |a SVKKK |b slo |c SVKKK |e AACR2 | ||
| 041 | 0 | |a eng | |
| 044 | |a xxk | ||
| 080 | |a 811.111 |2 2001 | ||
| 100 | 1 | |a Thomas, Barbara, |d 1953- | |
| 245 | 1 | 0 | |a Cambridge complete first certificate |h elektronický zdroj |b Workbook audio / |c Barbara Thomas and Amanda Thomas. |
| 260 | |a Cambridge : |b Cambridge University Press, |c 2008. | ||
| 300 | |a 1 audio CD (77:46) ; |c 12 cm. | ||
| 700 | 1 | |a Thomas, Amanda |4 aut | |
| 910 | |a svkkk | ||
| 919 | |a 978-0-521-69832-0 | ||
| 919 | |a 978-0-521-69831-3 | ||
| 998 | |a ER | ||
| 090 | |g SCKUS |k Americké centrum |a CDK.4412 |j 5422 |i 2720230641 |s Médiá US, BC | ||
| 090 | |g SCKUS |k Americké centrum |a CDK.4413 |j 5423 |i 2720230642 |s Médiá US, BC | ||
| 924 | |a AVM | ||